|
|
|
|
| LEADER |
01378nam a2200253 a 4500 |
| 001 |
GR-Patra31059 |
| 008 |
110602s2011 nyu g b 001 b eng d |
| 020 |
|
|
|a 9780857294326
|
| 082 |
|
0 |
|a 004.019
|2 22
|
| 245 |
0 |
0 |
|a Whole body interaction ; Editor David England.
|
| 260 |
|
|
|a New York :
|b Springer,
|c c2011
|
| 300 |
|
|
|a (xv, 210 σ.) :
|b έγχρ. εικ.
|
| 490 |
1 |
|
|a Human-computer interaction series
|
| 500 |
|
|
|a Το αντίτυπο με αρ.εισαγωγής 50840 βρίσκεται στην Βιβλιοθήκη του Παραρτήματος Πύργου του Τμήματος Πληροφορικής και ΜΜΕ.
|
| 504 |
|
|
|a Περιλαμβάνει βιβλιογραφίες και ευρετήριο.
|
| 650 |
|
0 |
|a Human-computer interaction
|
| 650 |
|
0 |
|a VIRTUAL REALITY
|
| 700 |
1 |
|
|a England, David,
|d 1959-
|
| 830 |
|
0 |
|1 00131060
|1 2001
|a Human-computer interaction series
|
| 942 |
|
|
|2 ddc
|
| 952 |
|
|
|0 0
|1 0
|2 ddc
|4 0
|6 004_019000000000000_WHO
|7 0
|9 313588
|a LISK
|b LISK
|c BSC
|d 2021-01-17
|e 24
|f 0
|g 0.00
|l 0
|o 004.019 WHO
|p 92410050840
|r 2021-01-17 00:00:00
|t 1
|w 2021-01-17
|y BK15
|x 20120516 0 1
|x GrPaTEI
|
| 952 |
|
|
|0 0
|1 0
|2 ddc
|4 0
|6 004_019000000000000_WHO
|7 1
|9 313589
|a LISK
|b LISK
|c BSC
|d 2021-01-17
|e 24
|f 0
|g 0.00
|l 0
|o 004.019 WHO
|p 92410050841
|r 2021-01-17 00:00:00
|t 1
|w 2021-01-17
|y BKN
|x 20120516 0 0
|x GrPaTEI
|
| 971 |
|
|
|a .b2678631x
|b 15-04-20
|c 26-09-16
|
| 999 |
|
|
|c 179413
|d 179413
|